书目信息 |
| 题名: |
传热学
|
|
| 作者: | 曹玉璋 编 | |
| 分册: | ||
| 出版信息: | 北京 北京航空航天大学出版社 2001.07 |
|
| 页数: | 247页 | |
| 开本: | 20cm | |
| 丛书名: | ||
| 单 册: | ||
| 中图分类: | TK124 | |
| 科图分类: | ||
| 主题词: | 热力工程--理论 | |
| 电子资源: | ||
| ISBN: | 7-81077-045-4 | |
| 000 | 00536nam0 2200193 45 | |
| 001 | 0441939185 | |
| 005 | 2004070511385748 | |
| 010 | @a7-81077-045-4@dCNY 12.00 | |
| 100 | @a20040705d2001 km y0chiy0120 ea | |
| 101 | 0 | @achi |
| 102 | @aCN@b110000 | |
| 200 | 1 | @a传热学@AChuan Re Xue@f曹玉璋编@FCao Yu Zhang Bian |
| 210 | @a北京@c北京航空航天大学出版社@d2001.07 | |
| 215 | @a247页@d20cm | |
| 606 | 0 | @a热力工程@x理论 |
| 690 | @aTK124@v3 | |
| 701 | 0 | @a曹玉璋@ACao Yu Zhang@4编 |
| 801 | 0 | @aCN@bPFT@c20040705 |
| 905 | @a安徽大学@dTK124@eC169 | |
| 传热学/曹玉璋编.-北京:北京航空航天大学出版社,2001.07 |
| 247页;20cm |
| ISBN 7-81077-045-4:CNY 12.00 |
| ● |
| 相关链接 |
|
|
|
正题名:传热学
索取号:TK124/C169
 
预约/预借
| 序号 | 登录号 | 条形码 | 馆藏地/架位号 | 状态 | 备注 |
| 1 | 383869 | 203838696 | 自科库501/ [索取号:TK124/C169] | 在馆 | |
| 2 | 383870 | 203838703 | 自科库501/501自科库 136排1列6层/ [索取号:TK124/C169] | 在馆 | |
| 3 | 383871 | 203838712 | 自科库501/501自科库 136排1列6层/ [索取号:TK124/C169] | 在馆 |